Comunicación en campaña. Dirección de campañas electorales y marketing político

Сохранить в:
Библиографические подробности
Другие авторы: Herrero, Julio César (Редактор), Römer, Max (coordinador)
Формат: Неизвестно
Язык:английский
Опубликовано: Madrid, España. Pearson 2014
Предметы:
Метки: Добавить метку
Нет меток, Требуется 1-ая метка записи!

MARC

LEADER 00000 a2200000 4500
003 CL-VaPUC
005 20220107130816.0
008 211213b2014 ||||| |||| 00| 0 eng d
999 |c 434320  |d 434318 
020 |a 978-84-9035-141-3 
040 |c Pontificia Universidad Católica de Valparaíso 
082 7 |a 324.7 HER 2014  |2 22 
100 1 |a Herrero, Julio César  |9 865211  |e editor 
245 |a Comunicación en campaña.  |b Dirección de campañas electorales y marketing político 
260 |a Madrid, España.  |b Pearson  |c 2014 
300 |a 321 páginas 
583 |k Sebastián Perez  |c 20211213 
650 0 |a Campañas electorales  |9 464493 
650 0 |a Marketing político  |9 537563 
700 |a Römer, Max  |e coordinador  |9 865225 
942 |2 ddc  |c BK 
952 |0 0  |1 0  |2 ddc  |4 0  |6 324_700000000000000_HER_2014  |7 0  |8 A  |9 579519  |a BIBCUR  |b BIBCUR  |d 2021-12-13  |e 155  |g 43206.25  |i 5628431  |o 324.7 HER 2014  |p 5628431  |r 2025-04-22  |t 1  |v 43206.25  |w 2021-12-13  |y BK  |k PER